Top 30 Childish Gambino Songs - Statistics

General Stats
  • This quiz has been taken 14 times
  • The average score is 8 of 30
Answer Stats
# Song Rating % Correct
2. Redbone 97
75%
3. V. 3005 94
75%
1. Me and Your Mama 97
67%
6. Feels Like Summer 92
58%
12. IV. Sweatpants 88
58%
15. I. The Worst Guys 87
42%
4. Lithonia 92
42%
17. III. Telegraph Ave. 86
33%
23. I. Pink Toes 85
33%
28. I. Crawl 84
25%
24. I. Flight of the Navigator 85
25%
13. III. Life: The Biggest Troll 87
25%
7. Sober 91
25%
9. Stand Tall 88
25%
14. Baby Boy 87
17%
22. Boogieman 85
17%
26. Cruisin' 84
17%
8. Final Church 90
17%
25. II. Shadows 84
17%
20. Riot 85
17%
18. Terrified 86
17%
21. Yoshinoya 85
17%
10. 53.49 88
8%
29. A Place Where Love Goes 83
8%
5. Do Ya Like 92
8%
30. Have Some Love 83
8%
27. 19.10 84
0%
16. 42.26 86
0%
19. Mood 4 Eva 86
0%
11. We Ain't Them 88
0%
No matching quizzes found
Score Distribution
Percent of People with Each Score
Percentile by Number Answered
Your Score History
You have not taken this quiz